header

Surviving HIV/AIDS in the inner city (Record no. 236503)

MARC details
000 -LEADER
fixed length control field 01858nam a2200385 a 4500
082 04 - DEWEY DECIMAL CLASSIFICATION NUMBER
Classification number 362.196/979200974932
100 1# - MAIN ENTRY--AUTHOR NAME
Personal name Chase, Sabrina Marie.
245 10 - TITLE STATEMENT
Title Surviving HIV/AIDS in the inner city
260 ## - PUBLICATION, DISTRIBUTION, ETC. (IMPRINT)
Place of publication New Brunswick, N.J. :
Name of publisher Rutgers University Press,
Year of publication c2011.
300 ## - PHYSICAL DESCRIPTION
Number of Pages xvi, 208 p.
490 1# - SERIES STATEMENT
Series statement Studies in medical anthropology
505 0# - FORMATTED CONTENTS NOTE
Formatted contents note Torn between structure and agency -- Resourceful women -- Unpacking Newark's epidemic -- Understanding HIV -- Managing social services -- Working the clinics -- Taking care of yourself -- Learning from resourceful women -- Epilogue : sorrows and joys.
650 #0 - SUBJECT ADDED ENTRY--TOPICAL TERM
Topical Term HIV-positive women
Topical Term AIDS (Disease) in women
Topical Term Puerto Rican women
856 40 - ELECTRONIC LOCATION AND ACCESS
Uniform Resource Identifier http://site.ebrary.com/lib/rucke/Doc?id=10518890

No items available.

© 2026 Rongo University
Contact us: librarian | system librarian | Rongo university